Evaluation of the effectiveness of intensification costs

Hodnotenie intenzifikačných nákladov v poľnohospodárskom podniku. Je hodnotená dynamika intenzifikačných nákladov k naturálnemu objemu produkcie. Posudzovanie efektívnosti intenzifikačných nákladov. Efektívnosť je vyjadrená pomocou absolútnych a relatívnych zmien vlastných nákladov a hospodárskeho v...

Ausführliche Beschreibung

Gespeichert in:
Bibliographische Detailangaben
1. Verfasser: Střeleček, František
Weitere Verfasser: Kollar, Pavel
Format: Buchkapitel
Sprache:Tschechisch
Schlagworte:
Tags: Tag hinzufügen
Keine Tags, Fügen Sie das erste Tag hinzu!

MARC

LEADER 00000naa a2200000 4500
001 r046939
005 20231004091453.3
041 0 |a cze 
044 |a CZ 
245 1 0 |a Evaluation of the effectiveness of intensification costs  |c František Střeleček, Pavel Kollar 
520 |a Hodnotenie intenzifikačných nákladov v poľnohospodárskom podniku. Je hodnotená dynamika intenzifikačných nákladov k naturálnemu objemu produkcie. Posudzovanie efektívnosti intenzifikačných nákladov. Efektívnosť je vyjadrená pomocou absolútnych a relatívnych zmien vlastných nákladov a hospodárskeho výsledku. Hodnotenie dynamiky jednotlivých ukazovateľov a ich vzájomných vzťahov dáva ucelený pohľad na danú problematiku. 
610 2 0 |a podnik poľnohospodársky 
610 2 0 |a náklady 
610 2 0 |a intenzifikácia 
610 2 0 |a efektívnosť 
610 2 0 |a náklady vlastné 
610 2 0 |a výsledok hospodársky 
610 2 0 |a náklady jednotkové 
610 2 0 |a ukazovatele produkcie 
100 1 |a Střeleček, František 
700 1 |a Kollar, Pavel